000 01058 a2200241 4500
001 54038
005 20260407155811.0
008 260407a1978 arg spa d
003 AR-UNSa-BCEJYS
040 _aAR-UNSa-BCEJYS
_bspa
_cAR-UNSa-BCEJYS
080 _a330.101.541
_xMacroeconomía
245 1 0 _aAnálisis macroeconómico
020 _a968-25-0387-6
250 _a2a. ed.
264 1 _aMéxico :
_bInteramericana
_c1978
300 _aviii, 218 p.
_c23 cm.
505 _a1. El planteamiento macroeconómico - 2. Ingreso y productos nacionales - 3. El modelo más simple - 4. política fiscal - 5. Consumo - 6. Inversión - 7. El mercado de productos - 8. El mercado del dinero - 9. Ingreso de equilibrio - 10. Demanda agregada - 11. Oferta agregada - 12. Comercio exterior - 13. Análisis clásico y keynesiano - 14. Monetarismo y fiscalismo - 15. La inflación - 16. Proceso de cambio económico
041 _aspa
942 _cBK
590 _aniveau_biblio:m niveau_hierar:0
100 1 _aMckenna, Joseph P.
700 1 _aAgut Armer, Vicente
999 _c5322
_d5322